Online Reputation Assessment of Entities in Automotive Industry in the Slovak Republic
Pojem online povesť. Proces riadenia online povesti. Zapojenie sociálnych médií do automobilového priemyslu. Online povesť v slovenskom automobilovom priemysle.
Saved in:
| Main Author: | |
|---|---|
| Other Authors: | |
| Format: | Book Chapter |
| Language: | English |
| Subjects: | |
| Tags: |
No Tags, Be the first to tag this record!
|
MARC
| LEADER | 00000naa a2200000 4500 | ||
|---|---|---|---|
| 001 | 0246426 | ||
| 005 | 20240502073944.9 | ||
| 041 | 0 | |a eng | |
| 044 | |a SK | ||
| 245 | 1 | 0 | |a Online Reputation Assessment of Entities in Automotive Industry in the Slovak Republic |c Mária Kozáková, Vladimír Hojdik |
| 520 | |a Pojem online povesť. Proces riadenia online povesti. Zapojenie sociálnych médií do automobilového priemyslu. Online povesť v slovenskom automobilovom priemysle. | ||
| 610 | 2 | 0 | |a Slovensko |
| 610 | 2 | 0 | |a siete sociálne |
| 610 | 2 | 0 | |a médiá sociálne |
| 610 | 2 | 0 | |a priemysel automobilový |
| 610 | 2 | 0 | |a reputácia podniku |
| 610 | 2 | 0 | |a internet |
| 100 | 1 | |a Kozáková, Mária, 1991- | |
| 700 | 1 | |a Hojdik, Vladimír, 1992- | |